The Administrative Secretary: Resource (Record no. 1292)
[ view plain ]
| 005 - DATE AND TIME OF LATEST TRANSACTION | |
|---|---|
| control field | 20250410162936.0 |
| 020 ## - INTERNATIONAL STANDARD BOOK NUMBER | |
| International Standard Book Number | 07-001762 X |
| 082 ## - DEWEY DECIMAL CLASSIFICATION NUMBER | |
| Classification number | 651.371 DIV |
| 100 ## - MAIN ENTRY--PERSONAL NAME | |
| Author name | DIVISION, G. |
| 245 ## - TITLE STATEMENT | |
| Title | The Administrative Secretary: Resource |
| 260 ## - PUBLICATION, DISTRIBUTION, ETC. | |
| Place of publication, distribution, etc. | San Francisco, |
| Name of publisher, distributor, etc. | McGraw Hill Book Company, |
| Date of publication, distribution, etc. | 1970. |
| 300 ## - PHYSICAL DESCRIPTION | |
| Extent | x, 692p.: ill.; chart, graph, picture, |
| Other physical details | index. |
| Dimensions | 24cm. |
| 942 ## - ADDED ENTRY ELEMENTS (KOHA) | |
| Source of classification or shelving scheme | Dewey Decimal Classification |
| Koha item type | Books |
| Date last seen | Total checkouts | Full call number | Barcode | Cost, replacement price | Price effective from | Koha item type | Lost status | Source of classification or shelving scheme | Damaged status | Not for loan | Withdrawn status | Home library | Current library | Shelving location | Date acquired | Cost, normal purchase price |
|---|---|---|---|---|---|---|---|---|---|---|---|---|---|---|---|---|
| 06/30/2025 | 651.3 AND | DOM0003498 | 135000.00 | 06/30/2025 | Books | Dewey Decimal Classification | CBE Dodoma | CBE Dodoma | General Collection | 04/26/1988 | 45000.00 | |||||
| 04/10/2025 | 651.371 DIV | 0000005035 | 30000.00 | 04/10/2025 | Books | Dewey Decimal Classification | College of Business Education Main Library | College of Business Education Main Library | General Collection | 04/10/2025 | 10000.00 | |||||
| 04/10/2025 | 651.371 DIV | 0000005036 | 30000.00 | 04/10/2025 | Books | Dewey Decimal Classification | College of Business Education Main Library | College of Business Education Main Library | General Collection | 04/10/2025 | 10000.00 |
